21世紀の日本産業

שמור ב:
מידע ביבליוגרפי
מחבר ראשי: 矢野誠也(やの せいや)
פורמט: ספר
שפה:Undetermined
יצא לאור: 東京 東洋経済新報社 1969
נושאים:
תגים: הוספת תג
אין תגיות, היה/י הראשונ/ה לתייג את הרשומה!
Thư viện lưu trữ: Trung tâm Học liệu Trường Đại học Cần Thơ
LEADER 00512nam a2200193Ia 4500
001 CTU_77871
008 210402s9999 xx 000 0 und d
082 |a 338.0952 
082 |b Y24 
100 |a 矢野誠也(やの せいや) 
245 0 |a 21世紀の日本産業 
245 0 |c 矢野誠也 
260 |a 東京 
260 |b 東洋経済新報社 
260 |c 1969 
650 |a Economic conditions 
650 |z Japan 
904 |i Ngoc 
980 |a Trung tâm Học liệu Trường Đại học Cần Thơ